| 000 | 00601nam a2200205 i 4500 | ||
|---|---|---|---|
| 001 | 90700 | ||
| 003 | ES-MaACL | ||
| 005 | 20230906180533.0 | ||
| 007 | t| | ||
| 008 | 050124s1980 sp ||||1| spa d | ||
| 100 | 1 |
_aLeibniz, Gottfried Wilhelm _cFreiherr von. _971367 |
|
| 245 | 1 | 3 |
_aLa polémica Leibniz-Clarke / _cedición y tarducción de Eloy Rada. |
| 260 |
_a[Madrid] : _bTaurus, _c[1980] |
||
| 300 |
_a174 p. ; _c22 cm. |
||
| 490 | 1 | _aEnsayistas | |
| 700 | 1 |
_aRada García, Eloy. _994903 |
|
| 830 | 0 |
_aEnsayistas _9177257 |
|
| 852 |
_aES-MaACL _jL-349 _bR.101027 |
||
| 999 |
_c90700 _d90700 |
||